Europäische Geographie nach Buchstabe - A - Statistiken

Allgemein
  • Dieses Quiz wurde 261 mal gespielt
  • Das Durchschnittsergebnis liegt bei 12 aus 19
Antwortstatistiken
Hinweis Antwort % Korrekt
Hauptstadt Griechenlands Athen
100%
Hauptstadt der Niederlande Amsterdam
96%
Land in den Pyrenäen Andorra
91%
Höchstes Gebirge in Westeuropa Alpen
89%
Westliche Grenze Europas, Weltmeer Atlantik
89%
Meer zwischen Italien und dem Balkan Adria
85%
Bekanntestes Konzentrationslager in Polen Auschwitz
78%
Südliche Region Spaniens Andalusien
76%
Mehrheitlich muslimisches Land Albanien
73%
Deutsche Friedensstadt Augsburg
62%
Portugiesische Vulkaninseln in obigem Azoren
55%
Meer zwischen Griechenland und der Türkei Ägäis
54%
Größte Stadt in Flandern Antwerpen
51%
Schottlands Granit Stadt Aberdeen
50%
Region im Süden Portugals Algarve
50%
Dänemarks zweitgrößte Stadt Aarhus
48%
Französische Stadt, ehemals Papstsitz Avignon
40%
Hauptstadt von Korsika Ajaccio
29%
Größte Insel von Wales Anglesey
5%
Keine übereinstimmenden Quizze gefunden
Verteilung der Resultate
Anzahl Personen mit jedem Resultat
Perzentil nach korrekt beantworteten Fragen
Ihre Resultats-Entwicklung
Sie haben dieses Quiz noch nicht gespielt